| 000 | 00712nac a22002171u 4500 | ||
|---|---|---|---|
| 010 | _a 87047782 | ||
| 020 | _a0465067093 : | ||
| 020 | _a9780465067091 : | ||
| 082 | 0 | 0 |
_a620.82 _bNOR |
| 090 |
_c8793 _d8793 |
||
| 100 | _aNorman, Donald A. | ||
| 245 | 1 | 4 |
_aThe psychology of everyday things / _cDonald A. Norman. |
| 260 |
_aNew York : _bBasic Books,1988. _cc1988. |
||
| 300 |
_axi, 257 p. : _bill. ; _c25 cm. |
||
| 500 | _aDistributer: Bacca | ||
| 504 | _aIncludes bibliographical references and index. | ||
| 511 | _aCatalogued by: Sara | ||
| 650 | 0 |
_aDesign, Industrial _xPsychological aspects. |
|
| 650 | 0 | _aHuman engineering. | |
| 942 |
_cBB _k620.82NOR |
||
| 999 |
_c8793 _d8793 |
||